| 000 | 00936nam a2200337 a 4500 | ||
|---|---|---|---|
| 001 | 22188 | ||
| 003 | VRT | ||
| 005 | 20260321122428.0 | ||
| 008 | 981214s1997 xo 000 1 slo c | ||
| 020 | _a8085218119 (viaz.) | ||
| 035 | _aUKB000235366 | ||
| 039 | 9 |
_a202103221624 _bmaja |
|
| 040 |
_aBAA001 _bslo _cBAA001 _eAACR2 |
||
| 041 | 1 |
_aslo _heng |
|
| 044 |
_axo _cSK |
||
| 080 | _a820(73)-311.4 | ||
| 100 | 1 |
_aSteel, Danielle, _d1947- |
|
| 245 | 0 | 0 |
_aZoja _cDanielle Steel ; [z angl. orig. prel. Marta Kastlová] |
| 250 | _a1. vyd | ||
| 260 |
_aBratislava _bRemedium _c1997 |
||
| 300 | _a312 s | ||
| 650 | 0 | 7 | _aliteratúra americká |
| 650 | 0 | 7 | _aromány spoločenské |
| 653 | _a820(73)-311.4 | ||
| 700 | 1 |
_aKastlová, Marta _4trl |
|
| 765 | 0 |
_tZoya _aSteel, Danielle, 1947- |
|
| 910 | _aukb | ||
| 942 |
_2ddc _cKLDO _n0 |
||
| 949 |
_61800041989 _a30.D.75463 _bPV.8807-98 |
||
| 949 |
_61800041990 _aSL.D.30873 _bPV.8808-98 |
||
| 999 |
_c22188 _d22188 |
||